Métro parisien : Communes desservies - Statistiques

Statistiques générales
  • Ce quiz a été pris 67 fois
  • Le résultat moyen est 23 sur 40
Statistiques - réponses
Commune Nombre de stations % Correct
Paris 245
100%
Saint-Denis 6
96%
Boulogne-Billancourt 5
89%
Montreuil 5
86%
Vincennes 3
86%
Aubervilliers 5
82%
Créteil 4
79%
Levallois-Perret 3
79%
Issy-les-Moulineaux 2
77%
Montrouge 3
68%
Neuilly-sur-Seine 2
68%
Bagneux 3
67%
Ivry-sur-Seine 2
67%
Villejuif 4
67%
Clichy 2
63%
Pantin 4
63%
Asnières-sur-Seine 3
61%
Malakoff 2
61%
Saint-Mandé 2
61%
Bagnolet 1
60%
Bobigny 2
56%
La Courneuve 1
56%
Maisons-Alfort 3
54%
Charenton-le-Pont 2
53%
Les Lilas 2
53%
Rosny-sous-Bois 3
53%
Le Kremlin-Bicêtre 2
49%
Puteaux 2
49%
Vanves 1
49%
Courbevoie 1
46%
Saint-Ouen-sur-Seine 3
46%
Thiais 1
42%
Châtillon 1
40%
Gennevilliers 3
39%
Chevilly-Larue 2
30%
L'Haÿ-les-Roses 1
30%
Romainville 1
28%
Gentilly 1
18%
Noisy-le-Sec 3
11%
Paray-Vieille-Poste 1
11%
Aucun quiz correspondant
Distribution des résultats
% des personnes avec chaque résultat
Percentile par nombre de réponses
Votre historique - résultats
Vous n’avez pas pris ce quiz